| LEADER | 01752nam a2200277 4500 | ||
|---|---|---|---|
| 082 | |a 510.76 |b PH105V | ||
| 100 | |a Phan Văn Đức | ||
| 245 | |a 450 bài tập Toán THCS: |b Bồi dưỡng học sinh giỏi |c Phan Văn Đức, Nguyễn Hoàng Khanh, Nguyễn Anh Dũng |n Quyển 7 | ||
| 260 | |a Đà Nẵng: |b Nxb Đà Nẵng, |c 2003 | ||
| 300 | |a 278tr. |c 21cm. | ||
| 520 | |a v.v... | ||
| 653 | |a Toán học | ||
| 653 | |a Đại số | ||
| 653 | |a Hình học | ||
| 653 | |a Bài tập | ||
| 653 | |a Giải bài tập | ||
| 653 | |a Lớp 7 | ||
| 942 | |2 ddc |c STK0 | ||
| 999 | |c 6815 |d 6815 | ||
| 952 | |0 0 |1 0 |2 ddc |4 0 |6 510_760000000000000_PH105V |7 0 |8 500 |9 63923 |a qbu |b qbu |c D3 |d 2015-01-23 |g 21000 |o 510.76 PH105V |p 6676.c1 |r 0000-00-00 |w 2015-01-23 |y STK0 | ||
| 952 | |0 0 |1 0 |2 ddc |4 0 |6 510_760000000000000_PH105V |7 0 |8 500 |9 63924 |a qbu |b qbu |c D3 |d 2015-01-23 |g 21000 |l 1 |m 1 |o 510.76 PH105V |p 6676.c2 |r 2015-09-23 |s 2015-09-11 |w 2015-01-23 |y STK0 | ||
| 952 | |0 0 |1 0 |2 ddc |4 0 |6 510_760000000000000_PH105V |7 0 |8 500 |9 63925 |a qbu |b qbu |c D3 |d 2015-01-23 |g 21000 |l 1 |m 1 |o 510.76 PH105V |p 6676.c3 |r 2015-11-12 |s 2015-10-29 |w 2015-01-23 |y STK0 | ||
| 952 | |0 0 |1 0 |2 ddc |4 0 |6 510_760000000000000_PH105V |7 0 |8 500 |9 63926 |a qbu |b qbu |c D3 |d 2015-01-23 |g 21000 |o 510.76 PH105V |p 6676.c4 |r 0000-00-00 |w 2015-01-23 |y STK0 | ||
| 952 | |0 0 |1 0 |2 ddc |4 0 |6 510_760000000000000_PH105V |7 0 |8 500 |9 63927 |a qbu |b qbu |c D3 |d 2015-01-23 |g 21000 |l 1 |m 1 |o 510.76 PH105V |p 6676.c5 |r 2016-01-28 |s 2016-01-07 |w 2015-01-23 |y STK0 | ||
| 952 | |0 0 |1 0 |2 ddc |4 0 |6 510_760000000000000_PH105V |7 0 |8 500 |9 63928 |a qbu |b qbu |c D3 |d 2015-01-23 |g 21000 |l 2 |m 2 |o 510.76 PH105V |p 6676.c6 |r 2017-03-22 |s 2017-03-02 |w 2015-01-23 |y STK0 | ||
| 952 | |0 0 |1 0 |2 ddc |4 0 |6 510_760000000000000_PH105V |7 0 |8 500 |9 63929 |a qbu |b qbu |c D3 |d 2015-01-23 |g 21000 |o 510.76 PH105V |p 6676.c7 |r 0000-00-00 |w 2015-01-23 |y STK0 | ||